R (on the application of Lemon Land Ltd) v Mayor and Burgesses of Hackney LBC) (Record no. 70382)

MARC details
000 -LEADER
fixed length control field 00745cam a2200169 4500
001 - CONTROL NUMBER
control field X118193
008 - FIXED-LENGTH DATA ELEMENTS--GENERAL INFORMATION
fixed length control field 020528n2002 000 0 eng u
035 ## - SYSTEM CONTROL NUMBER
System control number (Sirsi) u118193
245 ## - TITLE STATEMENT
Title R (on the application of Lemon Land Ltd) v Mayor and Burgesses of Hackney LBC)
260 ## - PUBLICATION, DISTRIBUTION, ETC.
Date of publication, distribution, etc. 2002
490 ## - SERIES STATEMENT
Series statement Journal of Planning and Environment Law
Volume/sequential designation [2002] JPL 405-409(5)
520 ## - SUMMARY, ETC.
Summary, etc. QBD 11 May 2001. Sale of land by local authority under Local Government Act 1972 s123(2). Whether a sum in respect of job creation could be treated as part of the consideration of the purchase price.
650 ## - SUBJECT ADDED ENTRY--TOPICAL TERM
Topical term or geographic name entry element R V HACKNEY LBC EX P LEMON LAND LTD
650 ## - SUBJECT ADDED ENTRY--TOPICAL TERM
Topical term or geographic name entry element LOCAL GOVERNMENT ACT 1972 S123(2)
690 ## - LOCAL SUBJECT ADDED ENTRY--TOPICAL TERM (OCLC, RLIN)
Topical term or geographic name as entry element PLANNING LAW AND PRACTICE-CASE LAW
942 ## - ADDED ENTRY ELEMENTS (KOHA)
Suppress in OPAC 0
Holdings
Withdrawn status Lost status Source of classification or shelving scheme Damaged status Not for loan Home library Current library Shelving location Date acquired Total Checkouts Full call number Barcode Date last seen Copy number Price effective from Koha item type
    Dewey Decimal Classification     London London Journals 28/05/2002   X18193 118193-1001 06/08/2019 1 06/08/2019 Law report